Quiz sur une carte - Var - Statistiques

Statistiques générales
  • Ce quiz a été pris 96 fois
  • Le résultat moyen est 9 sur 25
Réponses sur la Carte
Les réponses sont colorées sur une échelle allant du rouge au vert en fonction du pourcentage des utilisateurs qui les ont devinées à leur premier essai. Vous pouvez retrouver ces pourcentages ci-dessous.
 
Statistiques - réponses
Réponse % Correct
Toulon
97%
Hyères
80%
Mer {Méditerranée}
67%
Fréjus
65%
Bouches-du-Rhône
61%
Draguignan
60%
Alpes-Maritimes
59%
Vaucluse
57%
Alpes-de-Haute-Provence
53%
La Seyne-sur-Mer
48%
Golfe de {Saint-Tropez}
44%
Baie de {Saint-Raphael}
40%
Hélène Ségara
33%
Christophe Dominici
31%
Parc national de Port-Cros
27%
L'Argens
25%
Parc naturel régional du Verdon
24%
Parc naturel régional de la Sainte-Baume
17%
Abbaye du {Thoronet}
16%
Gapeau
9%
Baie de {Cavalaire}
7%
Jordan Amavi
7%
Monastère {Notre-Dame de Clémence de La Verne}
5%
Bataille des îles d'Hyères
4%
Bataille de Tourtour
3%
Aucun quiz correspondant
Distribution des résultats
% des personnes avec chaque résultat
Percentile par nombre de réponses
Votre historique - résultats
Vous n’avez pas pris ce quiz